000 00384nam a22001577a 4500
003 OSt
005 20241213112321.0
008 241213b |||||||| |||| 00| 0 eng d
020 _a978-93-81771-81-5
040 _cIIMT UNIVERSITY
100 _aVARSHNEY, J.C.
245 _aMARKETING MANAGEMENT
260 _aDELHI
_bSAVERA PUBLISHING HOUSE
_c2024
300 _a380
942 _2ddc
_c09
999 _c64903
_d64903